| 000 | 00754 a2200277 4500 | ||
|---|---|---|---|
| 001 | 21376 | ||
| 003 | TR-AnTOB | ||
| 005 | 20241022153157.0 | ||
| 008 | 041102s1993 tu eng | ||
| 020 | _a9759527413 | ||
| 035 | _a21376 | ||
| 040 |
_aTR-AnTOB _cTR-AnTOB |
||
| 041 | _aeng | ||
| 050 |
_aHD4276.7 _b.A83 1993 |
||
| 090 | _aHD4276.7 .A83 1993 | ||
| 100 | 1 |
_aAtasoy, Veysel _914442 |
|
| 245 | 0 |
_aState economic enterprises and privatisation issue in Turkey / _cVeysel Atasoy. |
|
| 264 | 1 |
_aAnkara: Creative , _b, _c1993 |
|
| 300 |
_a293 p. ; _c24 cm. |
||
| 500 | _aIncludes bibliographies. | ||
| 650 |
_96512 _aÖzelleştirme _zTürkiye |
||
| 650 | 0 |
_aKamu iktisadi teşebbüsleri _zTürkiye _985507 |
|
| 902 | _a0009625 | ||
| 942 |
_cBK _2lcc |
||
| 999 |
_c21376 _d8234 |
||